000
00276nam a2200121Ia 4500
005
20251222144835.0
008
251222s9999||||xx |||||||||||||| ||spa||
082
_a
248.16/S31
100
_a
Scola, Angelo
245
0
_a
Salute e salvezza:
264
_b
Cantagalli
942
_c
LIB
999
_c
21012
_d
21012